| 000 | 00480nam a22001817a 4500 | ||
|---|---|---|---|
| 003 | OSt | ||
| 005 | 20180116183050.0 | ||
| 008 | 160809b xxu||||| |||| 00| 0 eng d | ||
| 020 | _a0071005048 | ||
| 040 | _c0 | ||
| 082 | _a658.81 JOH 1986 | ||
| 100 | _aEugene M.Johnson | ||
| 245 |
_aSales Management : _bConcepts, Practices,and Cases _cEugene M.Johnson |
||
| 260 |
_aSingapore _bMcGraw-Hill _c1986 |
||
| 300 |
_a596 p. _bPB |
||
| 440 | _aSales Management : | ||
| 942 |
_2ddc _cBK |
||
| 999 |
_c351585 _d351585 |
||